000 01247nam a2200241Ii 4500
003 JO-AjNU
005 20250324122448.0
008 230605s9999||||xx |||||||||||||| ||und||
040 _aJO-AjNU
_bara
_erda
_cJO-AjNU
041 _aara
050 1 4 _aKS258 2019
100 1 _aبني حمود، منال مفضي
_eمعد
_965797
245 0 0 _aجريمة الإتجار بالبشر، أساليب إرتكابها وآليات مكافحتها: دراسة مقارنة بين الاتفاقيات الدولية والتشريع الأردني = Humman Trafficking Crime, Methods of Commitment and Control Mechanisms: A Comparative Study between International Conyentions and Jordanian Legislation /
260 _c2019
300 _a186ورقة
336 _atext
_btxt
_2rdacontent
337 _aunmediated
_bn
_2rdamedia
338 _avolume
_bnc
_2rdacarrier
500 _aرسالة جامعية ( اطروحة ماجستير) جامعة عجلون الوطنية: كلية الحقوق، 2019
650 4 _aالاتجار بالبشر-جريمة-اسبابها-مكافحتها-القانون الدولي-القانون الاردني
_959315
700 1 _a عطروش، عبد الحكيم محسن
_947814
_eمشرف
942 _2lcc
_cTHS
999 _c30253
_d30253